00393nam a22001337a 4500020000800000040001600008082001300024100005000037245007100087260004100158300002900199942001200228999001900240 qHB. cFIZZA ISHAQ a031bGRO a Jeffrey H. Hacker, Bernard S. Cayne.9134328 aEncyclopedia Yearbook, 1988 /cBernard S. Cayne Jeffrey H. Hacker. aNew York:bGrolier Yearbook ,c1988. a608 p. : ill. ; c26 cm 2ddccBK c617309d617309